| 000 | 00635nam a2200205 a 4500 | ||
|---|---|---|---|
| 001 | 000007012 | ||
| 005 | 20240530073911.0 | ||
| 008 | 090904s2008 dr a 000 f spa d | ||
| 040 |
_aDO-SdBNP _bspa _cBNPHU |
||
| 082 |
_aRD863.44 _bF475c |
||
| 100 | 1 |
_aFiguereo Rosado, Marcial, _d1972 _919487 |
|
| 245 | 1 | 3 |
_aLa cita con Dios / _cMarcial Figuereo Rosado. |
| 260 |
_aSanto Domingo : _bCismark, _c2008. |
||
| 300 |
_a88 p. : _bil ; _c21 cm. |
||
| 500 | _aIncluye datos biográficos en las solapas. | ||
| 650 | 0 |
_aNovela dominicana _9223 |
|
| 650 | 0 |
_aLiteratura dominicana. _967 |
|
| 650 | 4 |
_aExperiencia religiosa _96844 |
|
| 049 | _aBNPD | ||
| 999 |
_c6796 _d6796 |
||